[Event "Quebec-ch U16"]
[Site "Montreal"]
[Date "1990.03.04"]
[Round "6"]
[White "Charest, Johanne"]
[Black "Lemieux, Alexandre"]
[Result "1-0"]
[WhiteElo "1531"]
[BlackElo "1503"]
[PlyCount "89"]
[EventDate "1990.03.01"]
[EventType "tourn"]
[EventRounds "7"]
[EventCountry "CAN"]
[SourceTitle "EXT 2022"]
[Source "ChessBase"]
[SourceDate "2021.10.06"]
[SourceVersion "1"]
[SourceVersionDate "2021.10.06"]
[SourceQuality "1"]

1. e4 e5 2. Nf3 Nc6 3. Bc4 Nf6 4. Ng5 d5 5. exd5 Nxd5 6. d3 h6 7. Nxf7 Qf6 8. Nxh8 Bc5 9. 0-0 Be6 10. Qh5+ g6 11. Qxg6+ Qxg6 12. Nxg6 0-0-0 13. Bxd5 Bxd5 14. Nc3 Bf7 15. Nh4 h5 16. Be3 Be7 17. Nf5 Bf6 18. Ne4 Bg6 19. Nxf6 Bxf5 20. Nxh5 Rg8 21. Ng3 b6 22. Nxf5 Rf8 23. Ng3 Nb4 24. Rfc1 Nd5 25. a3 a6 26. Re1 Re8 27. Bg5 Kd7 28. c4 Nf4 29. Bxf4 exf4 30. Rxe8 Kxe8 31. Re1+ Kf7 32. Nh5 f3 33. gxf3 Kg6 34. Ng3 a5 35. Re4 Kf6 36. Rg4 a4 37. h4 Ke6 38. h5 Kd6 39. h6 c5 40. h7 Kc6 41. h8Q Kd6 42. Ne4+ Ke6 43. Qf6+ Kd7 44. Rg7+ Kc8 45. Qf8# 1-0

[Event "Quebec-ch U16"]
[Site "Montreal"]
[Date "1990.03.03"]
[Round "5"]
[White "Lemieux, Alexandre"]
[Black "Moisan Plante, Marc Olivier"]
[Result "1-0"]
[WhiteElo "1503"]
[BlackElo "1540"]
[PlyCount "61"]
[EventDate "1990.03.01"]
[EventType "tourn"]
[EventRounds "7"]
[EventCountry "CAN"]
[SourceTitle "EXT 2022"]
[Source "ChessBase"]
[SourceDate "2021.10.06"]
[SourceVersion "1"]
[SourceVersionDate "2021.10.06"]
[SourceQuality "1"]

1. e4 g6 2. d4 Bg7 3. Nf3 d6 4. Nc3 a6 5. a4 Bg4 6. Be2 Nc6 7. Be3 e5 8. d5 Nce7 9. 0-0 f5 10. Ng5 Bxe2 11. Qxe2 Bh6 12. Ne6 Qd7 13. Bxh6 Nxh6 14. Ng7+ Kd8 15. Ne6+ Kc8 16. f3 f4 17. b4 b6 18. Rfb1 Nf7 19. Qc4 Nd8 20. Ra2 Nxe6 21. dxe6 Qc6 22. Qb3 Qe8 23. Nd5 Ng8 24. Qc4 Ra7 25. Nxb6+ Kb7 26. Nd7 Qe7 27. b5 a5 28. Qc6+ Kc8 29. b6 Rb7 30. Rab2 Qxe6 31. bxc7 1-0

[Event "Quebec-ch U16"]
[Site "Montreal"]
[Date "1990.03.01"]
[Round "1"]
[White "Lemieux, Alexandre"]
[Black "Castillo, Anthony"]
[Result "0-1"]
[WhiteElo "1503"]
[BlackElo "1534"]
[PlyCount "96"]
[EventDate "1990.03.01"]
[EventType "tourn"]
[EventRounds "7"]
[EventCountry "CAN"]
[SourceTitle "EXT 2022"]
[Source "ChessBase"]
[SourceDate "2021.10.06"]
[SourceVersion "1"]
[SourceVersionDate "2021.10.06"]
[SourceQuality "1"]

1. e4 e5 2. Nf3 Nc6 3. Nc3 Nf6 4. Bc4 Bc5 5. 0-0 d6 6. d3 Bg4 7. Be3 Nd4 8. Bxd4 Bxd4 9. h3 Bh5 10. g4 Bxc3 11. bxc3 Bg6 12. d4 exd4 13. cxd4 Nxe4 14. Re1 0-0 15. Bd3 Re8 16. h4 Qd7 17. Ng5 Nxg5 18. Rxe8+ Rxe8 19. hxg5 Bxd3 20. cxd3 Qe7 21. Qd2 Qe2 22. Qxe2 Rxe2 23. Kf1 Rd2 24. Rc1 c6 25. d5 c5 26. Rb1 b6 27. a4 Ra2 28. f4 Rxa4 29. Re1 Rxf4+ 30. Kg2 Kf8 31. Kg3 Rd4 32. Kf3 Rxd5 33. Ke4 Re5+ 34. Kf3 Rxe1 35. Kf2 Re5 36. Kf3 a5 37. g6 fxg6 38. Kf4 a4 39. g5 a3 40. d4 cxd4 41. Kf3 d3 42. Kf4 d2 43. Kg3 d1Q 44. Kf4 Qf1+ 45. Kg4 Re4+ 46. Kg3 Qf4+ 47. Kg2 Re2+ 48. Kg1 Qh2+ 0-1